Mujercitas
Uloženo v:
| Hlavní autor: | |
|---|---|
| Médium: | Kniha |
| Jazyk: | španělština |
| Vydáno: |
Barcelona, España.
Penguin Random House,
2015
|
| Vydání: | 1a. ed |
| Edice: | Penguin Clásicos
|
| Témata: | |
| Tagy: |
Přidat tag
Žádné tagy, Buďte první, kdo vytvoří štítek k tomuto záznamu!
|
MARC
| LEADER | 00000cam a2200000 a 4500 | ||
|---|---|---|---|
| 001 | UCC9860 | ||
| 003 | CL-VaPUC | ||
| 005 | 20211102150200.0 | ||
| 008 | 191117e20150000sp spa d | ||
| 999 | |c 178783 |d 178781 | ||
| 020 | |a 9788491050476 | ||
| 040 | |c Pontificia Universidad Católica de Valparaíso | ||
| 082 | 0 | 4 | |a 813 ALC 2015 |2 21 |
| 100 | |a Alcott, Louisa May |e autora |9 605187 | ||
| 245 | 1 | 0 | |a Mujercitas |
| 250 | |a 1a. ed | ||
| 260 | |a Barcelona, España. |b Penguin Random House, |c 2015 | ||
| 300 | |a 788 páginas | ||
| 490 | 0 | |a Penguin Clásicos | |
| 583 | |a last modification |c 20191117 22:03:00 |k cmena | ||
| 650 | 0 | 0 | |a Novelas estadounidenses |9 265217 |
| 650 | 0 | 0 | |a Literatura estadounidense |9 317168 |
| 942 | |c BK |2 ddc | ||
| 945 | |a dcastane |d 20191117 22:03:00 | ||
| 952 | |0 0 |1 0 |2 ddc |3 erb |4 0 |6 813_000000000000000_ALC_2015 |7 0 |8 A |9 495484 |a BIBEDU |b BIBEDU |d 2019-10-18 |e 11 |g 0.00 |i 5565375 |l 1 |o 813 ALC 2015 |p 5565375 |r 2024-09-05 |s 2024-09-05 |t 3 |w 2020-01-06 |y BK |z Catalogado en:20191117 |k EPE | ||
| 952 | |0 0 |1 0 |2 ddc |3 erb |4 0 |6 813_000000000000000_ALC_2015 |7 0 |8 A |9 495485 |a BIBEDU |b BIBEDU |d 2019-10-18 |e 11 |g 0.00 |i 5565367 |l 3 |m 1 |o 813 ALC 2015 |p 5565367 |r 2024-11-05 |s 2024-10-22 |t 2 |w 2020-01-06 |y BK |z Catalogado en:20191117 |k EPE | ||
| 952 | |0 0 |1 0 |2 ddc |3 erb |4 0 |6 813_000000000000000_ALC_2015 |7 0 |8 A |9 495486 |a BIBEDU |b BIBEDU |d 2019-10-18 |e 11 |g 0.00 |i 5565359 |l 2 |m 2 |o 813 ALC 2015 |p 5565359 |r 2025-04-02 |s 2025-03-14 |t 1 |w 2020-01-06 |y BK |z Catalogado en:20191117 |k EPE | ||